Strategic Alliance Management (Record no. 43374)

MARC details
000 -LEADER
fixed length control field 00502nam a22001937a 4500
005 - DATE AND TIME OF LATEST TRANSACTION
control field 20250324170614.0
008 - FIXED-LENGTH DATA ELEMENTS--GENERAL INFORMATION
fixed length control field 250324b |||||||| |||| 00| 0 eng d
020 ## - INTERNATIONAL STANDARD BOOK NUMBER
International Standard Book Number 9781032119250
041 ## - LANGUAGE CODE
Language code of text/sound track or separate title Eng.
082 ## - DEWEY DECIMAL CLASSIFICATION NUMBER
Classification number 658.046 TJE
100 ## - MAIN ENTRY--PERSONAL NAME
Author Tjemkes, Brian
245 ## - TITLE STATEMENT
Title Strategic Alliance Management
250 ## - EDITION STATEMENT
Edition statement 3rd
260 ## - PUBLICATION, DISTRIBUTION, ETC.
Place New York
Publisher Routledge
Publication Year 2023
300 ## - PHYSICAL DESCRIPTION
Extent 453;. P. 24 cm
650 ## - SUBJECT ADDED ENTRY--TOPICAL TERM
Subject Strategic Alliances (Business)
700 ## - ADDED ENTRY--PERSONAL NAME
Co-Author Vos, Pepijn and Burgers, Koen
942 ## - ADDED ENTRY ELEMENTS (KOHA)
Koha item type Books
Holdings
Withdrawn status Lost status Source of classification or shelving scheme Damaged status Not for loan Home library Current library Shelving location Accession Date Vendor Price Bill number Full call number Barcode No Date last seen Discount Bill Date Koha item type Suggested By
    Dewey Decimal Classification     IMTN IMTN Rack 20-B 03/18/2025 Raghav Books Private Limited 5118.69 2374 658.046 TJE 33665 03/24/2025 33 02/14/2025 Books Dr. Rajnandan Patnaik
Designed & Maintained by: LRC IMT Nagpur Contact: lrc@imtnag.ac.in© 2024. All Rights Reserved.